The Daily Telegraph electronic business manual : how to make the internet work for your business (Record no. 100452)
[ view plain ]
| 000 -LEADER | |
|---|---|
| fixed length control field | 01016cam a2200241 4500 |
| 008 - FIXED-LENGTH DATA ELEMENTS--GENERAL INFORMATION | |
| fixed length control field | 000000n1999 000 0 eng u |
| 020 ## - INTERNATIONAL STANDARD BOOK NUMBER | |
| International Standard Book Number | 0952971437 |
| 035 ## - SYSTEM CONTROL NUMBER | |
| System control number | (Sirsi) u105621 |
| 050 ## - LIBRARY OF CONGRESS CALL NUMBER | |
| Classification number | 381.45000285 |
| 100 ## - MAIN ENTRY--PERSONAL NAME | |
| Personal name | Bowen, David |
| -- | Editor |
| 245 #4 - TITLE STATEMENT | |
| Title | The Daily Telegraph electronic business manual : how to make the internet work for your business |
| 260 ## - PUBLICATION, DISTRIBUTION, ETC. | |
| Place of publication, distribution, etc. | London |
| Name of publisher, distributor, etc. | Net Profit Publications |
| Date of publication, distribution, etc. | 1999 |
| 300 ## - PHYSICAL DESCRIPTION | |
| Extent | 346p. ; 24cm. |
| 350 ## - PRICE (NR) (BK AM CF MU VM SE) [OBSOLETE] | |
| Price | 19.95 |
| 520 ## - SUMMARY, ETC. | |
| Summary, etc. | Devised for non-technical managers struggling to understand the potential of the commercial Internet, this book provides executives in companies of all sizes with the information needed to get involved with the Internet, to develop a strategy and to use the medium to it's full. Includes a list of useful contacts. |
| 650 ## - SUBJECT ADDED ENTRY--TOPICAL TERM | |
| Topical term or geographic name entry element | E-COMMERCE |
| 650 ## - SUBJECT ADDED ENTRY--TOPICAL TERM | |
| Topical term or geographic name entry element | ELECTRONIC COMMERCE |
| 650 ## - SUBJECT ADDED ENTRY--TOPICAL TERM | |
| Topical term or geographic name entry element | WORLDWIDE WEB |
| 650 ## - SUBJECT ADDED ENTRY--TOPICAL TERM | |
| Topical term or geographic name entry element | INTERNET |
| 650 ## - SUBJECT ADDED ENTRY--TOPICAL TERM | |
| Topical term or geographic name entry element | WEBSITES |
| 690 ## - LOCAL SUBJECT ADDED ENTRY--TOPICAL TERM (OCLC, RLIN) | |
| Topical term or geographic name as entry element | MANAGEMENT-BUSINESS MANAGEMENT-INFORMATION MANAGEMENT |
| 942 ## - ADDED ENTRY ELEMENTS (KOHA) | |
| Suppress in OPAC | 0 |
| Withdrawn status | Lost status | Source of classification or shelving scheme | Damaged status | Not for loan | Home library | Current library | Shelving location | Date acquired | Cost, normal purchase price | Total Checkouts | Full call number | Barcode | Date last seen | Date last checked out | Copy number | Cost, replacement price | Price effective from | Koha item type |
|---|---|---|---|---|---|---|---|---|---|---|---|---|---|---|---|---|---|---|
| Dewey Decimal Classification | London | London | Books | 15/05/2000 | 16.96 | 4 | 381.45000285 BOW | 30061336 | 06/08/2019 | 06/03/2001 | 1 | 16.96 | 06/08/2019 | Book |